|
|
|
|
| LEADER |
00858cam a2200229 7i4500 |
| 001 |
0000071464 |
| 005 |
20220926090000.0 |
| 020 |
|
|
|a 9781003170730 (electronic book)
|
| 090 |
0 |
0 |
|a HC79.E5
|b N46 2022
|
| 100 |
1 |
|
|a Nemetz, Peter N
|
| 245 |
1 |
4 |
|a The economics and business of sustainability
|c Peter N. Nemetz.
|
| 264 |
|
|
|a Milton Park, Abingdon, Oxon ; New York, NY:
|b Routledge,
|c 2022.
|
| 300 |
|
|
|a 1 online resource ( xvi, 355 pages):
|b illustrations, text file, PDF.
|
| 336 |
|
|
|a text
|2 rdacontent
|
| 337 |
|
|
|a computer
|2 rdamedia
|
| 338 |
|
|
|a online resource
|2 rdacarrier
|
| 650 |
|
0 |
|a Sustainable development
|
| 650 |
|
0 |
|a Business --
|x Environmental aspects
|
| 655 |
|
0 |
|a Electronic books
|
| 856 |
4 |
2 |
|u http://library.unisel.edu.my/web/guest/mylibrary
|
| 997 |
|
|
|a Business & Accountancy, Faculty
|
| 999 |
|
|
|a EBO0014396
|b EBOOK
|c EBOOK
|e Electronic resources
|